000
00329nam a2200145Ia 4500
008
230718s9999 xx 000 0 und d
041
_a
Eng.
082
_a
345.4
_b
MAL-U
100
_a
Malik,M.A
245
0
_a
Urban rent restriction
260
_a
Pakistan
_b
PLD PUBLISHERS
_c
1998
300
_a
134
650
_a
Law
999
_c
30470
_d
30470